| 000 | 00000nam##2200000za#4500 |
| 001 | 9.602140 |
| 003 | CaOODSP |
| 005 | 20210624210424 |
| 007 | cr ||||||||||| |
| 008 | 150406|2002||||xxc|||||o f|0| 0 fre|d |
| 040 | |aCaOODSP|bfre |
| 043 | |an-cn--- |
| 086 | 1 |aNH18-23/105F-PDF |
| 110 | 2 |aSociété canadienne d'hypothèques et de logement. |
| 245 | 10|aRattrapage éconergétique d'une ville : |h[ressource électronique]|bguide proposant aux municipalités des moyens de mettre en oeuvre un programme de rattrapage des bâtiments |
| 260 | |aOttawa - Ontario : |bSociété canadienne d'hypothèques et de logement |cAvril 2002. |
| 300 | |a4p. |
| 490 | 1 |aLe point en recherche. Série socio-économique|v105 |
| 590 | |a11-22-Supp|b2011-10-13 |
| 691 | 07|aLogement|2gcpds |
| 691 | 07|aConservation de l'énergie|2gcpds |
| 691 | 07|aProgramme relatif à l'environnement|2gcpds |
| 775 | 08|tRetrofitting a city : |w(CaOODSP)9.571715 |
| 776 | 0#|tRattrapage éconergétique d'une ville : |w(CaOODSP)9.625963 |
| 830 | #0|aLe point en recherche. Série socio-économique ;|v105|w(CaOODSP)9.501568 |
| 856 | 40|ahttp://publications.gc.ca|qPDF|s102 Ko|uhttps://publications.gc.ca/collections/Collection/NH18-23-105F.pdf|y105 |